|
|
|
|
| LEADER |
01358nam a22003372a 4500 |
| 001 |
000248307 |
| 003 |
CZ BrMZK |
| 005 |
20130702113512.0 |
| 007 |
ta |
| 008 |
950101s1990 xr a f cze d |
| 015 |
|
|
|a cnb000055947
|
| 020 |
|
|
|a 80-207-0150-8
|q (Váz.) :
|c Kčs 12,00
|
| 035 |
|
|
|a (OCoLC)39413300
|
| 040 |
|
|
|a ABA001
|b cze
|d ABA001
|
| 041 |
1 |
|
|a cze
|h eng
|
| 080 |
9 |
|
|a 820(73)-32
|
| 100 |
1 |
|
|a Melville, Herman,
|d 1819-1891
|7 jn19990005592
|4 aut
|
| 245 |
1 |
0 |
|a Písař Bartleby :
|b příběh z Wall Streetu /
|c Herman Melville ; z anglického originálu ... přeložil a doslov napsal Radoslav Nenadál ; ilustroval Jindřich Ulrich
|
| 250 |
|
|
|a 1. vyd.
|
| 260 |
|
|
|a Praha :
|b Odeon,
|c 1990
|
| 300 |
|
|
|a 110 s. :
|b barev. il. ;
|c 17 cm
|
| 500 |
|
|
|a 14000 výt.
|
| 765 |
0 |
|
|t Bartleby the Scrivener
|9 Česky
|
| 700 |
1 |
|
|a Ulrich, Jindřich,
|d 1950-
|7 xx0076611
|4 ill
|
| 700 |
1 |
|
|a Nenadál, Radoslav,
|d 1929-2018
|7 jk01083165
|4 trl
|4 wfw
|
| 856 |
4 |
1 |
|u http://www.digitalniknihovna.cz/mzk/uuid/uuid:505e3e60-dcd3-11e2-9923-005056827e52
|y Digitalizovaný dokument
|x NDK
|
| 910 |
|
|
|a BOA001
|b 1-0958.205
|
| 990 |
|
|
|a BK
|
| 991 |
|
|
|b 200708
|
| 996 |
6 |
|
|b 2610606038
|c 1-0958.205
|l MZK
|r Sklad / do 1 hodiny
|n 1
|p dar
|w 000248307
|u 000020
|a 1
|e BOA001
|j MZK50
|s P
|
| 996 |
7 |
|
|b 2619901787
|c 1-0958.205
|l MZK
|r Sklad / do 1 hodiny
|n 55
|w 000248307
|u 000010
|a 1
|e BOA001
|j MZK50
|s A
|